RECENT ADVANCES IN FORENSIC MEDICINE AND TOXICOLOGY (Record no. 216905)

MARC details
000 -LEADER
fixed length control field 00453nam a22001697a 4500
008 - FIXED-LENGTH DATA ELEMENTS--GENERAL INFORMATION
fixed length control field 260331b |||||||| |||| 00| 0 eng d
020 ## - INTERNATIONAL STANDARD BOOK NUMBER
International Standard Book Number 978-93-90595-32-7
050 ## - LIBRARY OF CONGRESS CALL NUMBER
Classification number RA 1251.B57 2022
100 ## - MAIN ENTRY--PERSONAL NAME
Personal name GAUTAM BISWAS
245 ## - TITLE STATEMENT
Title RECENT ADVANCES IN FORENSIC MEDICINE AND TOXICOLOGY
250 ## - EDITION STATEMENT
Edition statement V.3
260 ## - PUBLICATION, DISTRIBUTION, ETC.
Place of publication, distribution, etc. NEW DELHI
Name of publisher, distributor, etc. JAYPEE BROTHERS
Date of publication, distribution, etc. 2022
300 ## - PHYSICAL DESCRIPTION
Extent X,462
500 ## - GENERAL NOTE
General note INCLUDES AN INDEX
942 ## - ADDED ENTRY ELEMENTS (KOHA)
Source of classification or shelving scheme Library of Congress Classification
Koha item type Long Loan Book
Holdings
Withdrawn status Lost status Source of classification or shelving scheme Damaged status Not for loan Collection Home library Current library Shelving location Date acquired Total checkouts Full call number Barcode Date last seen Copy number Price effective from Koha item type
    Library of Congress Classification     Medicine Kisii University Library Kisii University Library On Display 03/31/2026   RA 1251.B57 2022 A000064 03/31/2026 C.1 03/31/2026 Long Loan Book
    Library of Congress Classification     Medicine Kisii University Library Kisii University Library On Display 03/31/2026   RA 1251.B57 2022 A000066 03/31/2026 C.2 03/31/2026 Long Loan Book
    Library of Congress Classification     Medicine Kisii University Library Kisii University Library On Display 03/31/2026   RA 1251.B57 2022 A000065 03/31/2026 C.3 03/31/2026 Long Loan Book
    Library of Congress Classification     Medicine Kisii University Library Kisii University Library On Display 03/31/2026   RA 1251.B57 2022 A000068 03/31/2026 C.4 03/31/2026 Long Loan Book